000 00527nam a22001697a 4500
005 20231026074038.0
008 231026b |||||||| |||| 00| 0 eng d
020 _a409040657
041 _aAfrikaans
082 _a347.6 LES
100 _aLessing, CS en Kuper, R
_lAfrikaans
245 _aVoorbeelde van Hofpleitstukke /
_cCS Lessing en R Kuper
260 _aDurban :
_bButterworth & Co. (Pty) Ltd,
_c1971
300 _bxxx, 192 pages ;
_c26,3 cm.
650 _aLegal practice
_bLaw
942 _cBK
_6ALISON_BN_VRIES
999 _c68
_d68